000 nam a22 7a 4500
999 _c9610
_d9610
008 180205b ||||| |||| 00| 0 eng d
100 _aRoy,N.
_95740
245 _aThe Railway Train
260 _aNew Delhi
_bCBT
_c2013